10 things i hate about you kat's poem - Statistics

General Stats
  • This quiz has been taken 458 times
  • The average score is 55 of 124
Answer Stats
Answer % Correct
I
100%
hate
99%
the
96%
way
96%
you
96%
talk
82%
me
79%
to
78%
and
77%
the
77%
way
77%
you
77%
hate
73%
I
73%
hair
72%
your
72%
cut
71%
the
71%
way
71%
you
70%
hate
67%
I
67%
hate
63%
I
63%
you
62%
it
61%
when
61%
your
60%
hate
59%
I
59%
stare
59%
and
58%
big
58%
boots
58%
car
58%
drive
58%
the
58%
combat
57%
my
57%
way
57%
you
57%
hate
56%
I
56%
you
56%
dumb
55%
me
55%
even
54%
it
54%
makes
54%
makes
54%
me
54%
mind
54%
much
54%
my
54%
read
54%
so
54%
it
53%
rhyme
53%
sick
53%
it
47%
hate
33%
I
33%
the
31%
way
31%
all
30%
at
29%
even
29%
hate
29%
hate
29%
I
29%
I
29%
I
29%
don't
28%
hate
28%
not
28%
when
28%
you
28%
you
28%
a
27%
even
27%
hate
27%
I
27%
it
27%
little
27%
But
26%
even
26%
it
26%
Not
26%
not
26%
the
26%
way
26%
when
26%
you
26%
always
25%
bit
25%
lie
25%
right
25%
you're
25%
close
24%
hate
24%
I
24%
make
24%
mostly
24%
and
23%
call
23%
even
23%
fact
23%
it
23%
laugh
23%
me
23%
the
23%
when
23%
you
23%
around
22%
didn't
22%
make
22%
me
22%
not
22%
when
22%
worse
22%
you
22%
you're
22%
cry
21%
that
21%
No matching quizzes found
Score Distribution
Percent of People with Each Score
Percentile by Number Answered
Your Score History
You have not taken this quiz